000 00317cam a22001097a 4500
008 180718b1977 xxu||||| |||| 00| 0 eng d
082 _aZ47x5 In7
245 _aHired labor in rural Asia
_cedited by S. Hirashima
260 _aTokyo
_bInstitute of Developing Countries
_c1977
300 _a282+p.
700 _aHirashima, S.
999 _c499670
_d499670